| 000 | 00701nam a22002417a 4500 | ||
|---|---|---|---|
| 999 |
_c15816 _d15816 |
||
| 003 | AR-CdUCM | ||
| 008 | 190311b ||||| |||| 00| 0 eng d | ||
| 020 | _a54-12-3395-01 | ||
| 040 |
_aMUNICIPALIDAD PROVINCIAL DEL CUSCO _cBIBLIOTECA MUNICIPAL DEL CUSCO |
||
| 082 |
_a869.71 / _bA48 |
||
| 100 |
_aAmado, Jorge _914245 |
||
| 245 |
_aCacao : _bRoman |
||
| 260 |
_aBrasil : _bRio de Janeiro, _c1984. |
||
| 300 |
_a121 páginas ; _c18 cm. |
||
| 500 | _aNovelas | ||
| 505 | _aContenido : Idioma portugués. | ||
| 650 |
_aNovelas Brasileñas _914247 |
||
| 650 |
_aSiglo XX _98 |
||
| 650 |
_aLiteratura _983 |
||
| 700 |
_aOrecchioni, Jean _935008 |
||
| 942 |
_2ddc _cLIBROS |
||
| 945 |
_arah _d30/04/2019 |
||